NEURAL NETWORKS, AND FUZZY LOGIC, AND GENETIC ALGORITHMS SYSTHESIS AND APPLICATIONS (Record no. 23202)
[ view plain ]
| 000 -LEADER | |
|---|---|
| fixed length control field | 00332nam a22001217a 4500 |
| 020 ## - INTERNATIONAL STANDARD BOOK NUMBER | |
| International Standard Book Number | 9788120321861 |
| 082 ## - DEWEY DECIMAL CLASSIFICATION NUMBER | |
| Classification number | 006.32 |
| 100 ## - MAIN ENTRY--PERSONAL NAME | |
| Personal name | S. RAJASEKRARAN G.A. VIJAYALAKSHMI PAI |
| 245 ## - TITLE STATEMENT | |
| Title | NEURAL NETWORKS, AND FUZZY LOGIC, AND GENETIC ALGORITHMS SYSTHESIS AND APPLICATIONS |
| 260 ## - PUBLICATION, DISTRIBUTION, ETC. | |
| Place of publication, distribution, etc. | INDIA |
| Name of publisher, distributor, etc. | PHI |
| Date of publication, distribution, etc. | 2008 |
| 300 ## - PHYSICAL DESCRIPTION | |
| Extent | 439 |
| 942 ## - ADDED ENTRY ELEMENTS (KOHA) | |
| Koha item type | Book |
| Withdrawn status | Lost status | Damaged status | Not for loan | Permanent Location | Current Location | Shelving location | Date acquired | Full call number | Barcode | Date last seen | Price effective from | Koha item type |
|---|---|---|---|---|---|---|---|---|---|---|---|---|
| NUST Baluchistan Campus (NBC) | NUST Baluchistan Campus (NBC) | General Stacks | 03/06/2013 | 006.32 | RCMS001555 | 03/06/2013 | 03/06/2013 | Book |
